00593nam a2200205 i 4500001000300000100001800003245005600021260003200077300002800109504001200137650001000149655001800159700002400177020001500201040000800216041000800224080001600232008004100248856009800289bg1 aCZAJKA, Marek10aMandrake Linux /cMarek Czajka, Łukasz Kołodziej. aGliwice :b"Helion",c2004. a357 s. :bil. ;c24 cm. aIndeks. 9aLinux aPodręczniki1 aKOŁODZIEJ, Łukasz a8373613676 cBPK0 apol a004.451(07) s pl f |000 0 pol  uhttp://koha.tu.koszalin.pl/cgi-bin/koha/opac-detail.pl?biblionumber=45429yKatalog online BPK